00593nam a2200205Ia 4500008004000000041000800040082001200048100002300060245003700083260002600120650001100146650000700157650001100164650001200175650001200187690002200199906001100221999001900232952013600251210210b1921 xxu||||| |||| 00| 0 eng d aeng a320/341 aLAW (Narendranath) aAspects of ancient Indian polity abNot Mentionedc1921 apolity aof aIndian aAspects aancient aPolitical Science a002088 c118316d118316 001040708Political ScienceaALbALcPolitical Scienced2021-02-17g0.00l0o320/341p002088r2021-02-17 00:00:00w2021-02-17yBK